Resúmen histórico de la revolución de España : año de 1808 / por el P. Maestro Salmon año de 1808 / por el P. Maestro Salmon
Descripción Física:
[6] v. ; 15 cm
MARC
| LEADER | 00000nam a2200000Ia 4500 | ||
|---|---|---|---|
| 001 | 14596, 14597, 14598 | ||
| 008 | 160829s1812 - [1820] xx 000 0 cat d | ||
| 080 | |a H-2-170, H-2-171, H-2-172 | ||
| 100 | |a Salmón, Manuel |9 25949 | ||
| 245 | |a Resúmen histórico de la revolución de España : |b año de 1808 / por el P. Maestro Salmon | ||
| 260 | |a Cadiz : |b Impr. Real, |c 1812 - [1820] | ||
| 300 | |a [6] v. ; |c 15 cm | ||
| 590 | |a Posteriorment s'edita a Madrid per la Viuda de Barco | ||
| 651 | 0 | |a Espanya |x Història |y S. XIX |9 54679 | |
| 651 | 0 | |a Espanya |x Història |y 1808-1814, Invasió napoleònica |9 55575 | |
| 901 | |a Arxiu | ||
| 942 | |n 1 | ||
| 952 | |0 0 |1 0 |4 0 |6 H2170_H2171_H2172 |7 1 |9 43837 |a Arxiu |b Arxiu |d 2016-12-01 |l 0 |o H-2-170, H-2-171, H-2-172 |p 14596, 14597, 14598 |r 2016-12-01 00:00:00 |w 2016-12-01 |y ARXIU | ||
| 999 | |c 46416 |d 46416 | ||